LEADER 01124nam a2200289 u 4500 001 000000066209 003 CaOOAMICUS 005 20070226121541.0 008 020109s1965 it u000 u ita u 035 $a10915714 040 $aPUL(R)$bita 100 1 $aBréhier, Emile,$d1876-1952.$0(OLS)http://pul/name/9234 245 14$aGli orientamenti attuali della filosofia /$cÉmile Bréhier. 260 $aNapoli :$bMorano,$c1965. 300 $a118 p. ;$c21 cm 490 1 $aAthenaeum ;$v1 504 $aBibliografia in nota. 650 4$aFilosofia moderna.$0(OLS)http://pul/subject/703 830 0$aAthenaeum ;$v1.$0(OLS)http://pul/title/11723 850 $aPUL 852 $aPUL$W1$xSL Filosofia 1$y2$m97 E 20$j85592$nBK-PRI$b $qStampati$B85592$CPULBib$Z2$F85592 $81 852 $aPUL$W1$xDP1 Fondo Bordoni$y120$m2 A 5$j11992$qFondi$B171301$CPULBib$Z2$F171301 $HBOR251 $81 941 1 $a1 941 1 $a8 961 $aINV: 27713 996 $6245$aGli orientamenti attuali della filosofia$9(OLS)http://pul/title/87950 996 $6260$aNapoli :$bMorano$9(OLS)http://pul/publisher/49701 LEADER 01318nam a2200313 a 4500 001 000000172881 003 CaOOAMICUS 005 20191130125847.0 008 191130s2016 it bda u001 u ita r 020 $a978-88-00-74606-9* 032 $aLibriCat 040 $aPUL$bita 082 00$a940.2 100 1 $aCapra, Carlo,$d1938-$0(OLS)http://pul/name/23153 245 10$aStoria moderna 1492-1848 /$cCarlo Capra. 250 $aTerza edizione 260 $aFirenze :$bLe Monnier Università,$c©2016$aMilano :$bMondadori Education 300 $aXII, 481 p. :$bcarte geogr., grafici, ill. ;$c24 cm 504 $aBibliografia alle p. 453-460. 650 04$aStoria moderna$xManuali, trattati, ecc.$0(OLS)http://pul/subject/28503 850 $aPUL 852 $aPUL$W1$xSL Cons. Gen., Altre Classi 3$y75$m940. 2 CAPCA 1$j196870$qDDC 21$B201630$CPULBib$Z2$F201630 $H133772 $82 941 1 $a9 996 $6020$a978-88-00-74606-9*$9(OLS)http://pul/number/166901 996 $6082$a940.2$9(OLS)http://pul/classification/1864 996 $6245$aStoria moderna 1492-1848$9(OLS)http://pul/title/213915 996 $6260$aFirenze :$bLe Monnier Università$9(OLS)http://pul/publisher/75203 996 $6260$aMilano :$bMondadori Education$9(OLS)http://pul/publisher/82305